1508 1002 1481 1207 1947 1945 1767 1862 1281 1680 1000 1739 1033 1989 1036 1220 1189 1411 1058 1623 1693 1002 1792 1395 1306 1245 1132 1377 1111 1050 1550 1693 1493 1410 1722 1557 1600 1875 1422 1464 1343 1036 1695 1642 1780 1954 1963 1068 1750 1006 1511 1886 1121 1502 1029 1273 1676 1849 1723 1175 1183 1832 1776 1600 1378 1997 1169 2000 1643 1836 1467 1045 1417 1512 1385 1643 1817 1713 1374 1117 1919 1642 1997 1379 1141 1311 1323 1751 1250 1881 1951 1202 1998 1360 1227 1124 1591 1234 1407 BCNSPRNW ULIB Ver.6.0+V

เปลี่ยนเป็นภาษาไทย

Change to English
 แสดงรายละเอียดบรรณานุกรม
  กลับหน้าหลัก

Brief Record : Get Marc (ISO 2709) : E-mail record : QR code < ปิดหน้าต่าง
LEADER : 00000nam 2200000uu 4500
001    13399107814
003     ULIB
008    110204s2553||||th 000 0 tha d
020    9789743483332
060  4 WY18.2^bพ953ท 2553
110 1  เพื่อนช่วยจำ
245 00 ทบทวนการผดุงครรภ์ MWR=^bMidwifery Review,^cเพื่อนช่วยจำ
246 0  Midwifery Review
260    กรุงเทพฯ:^bเพื่อนช่วยจำ,^c2553
300    216 หน้า
650  7 การผดงครรภ์
650  7 ข้อสอบทบทวน
710 1  เพื่อนช่วยจำ
945    ^p0^l0^i028633
945    ^p0^l0^i028631
945    ^p0^l0^i028629
945    ^p0^l0^i028627
945    ^p0^l0^i027861
945    ^p0^l0^i027859
945    ^p0^l0^i027858
945    ^p0^l0^i027857
945    ^p0^l0^i028632
945    ^p0^l0^i028630
945    ^p0^l0^i028628
945    ^p0^l0^i027862
945    ^p0^l0^i027860
995    ทศพร
999 ^a ใช้งานได้ทุกระบบ
รายการนี้ยังไม่มีแท็ก
คุณยังไม่ได้ล็อกอิน คุณสามารถมีกิจกรรมร่วมกับเว็บไซต์ได้ แต่ต้องล็อกอินก่อน ::
  ล็อกอิน

รายการสื่อสารสนเทศ

ลำดับที่ ประเภท เลขเรียก/บาร์โค้ด สถานที่ สถานะ
- ไม่พบข้อมูล -

รายการใกล้เคียง
    หัวเรื่อง [การผดงครรภ์]
    หัวเรื่อง [ข้อสอบทบทวน]

BibComment


ยังไม่เคยถูกคอมเมนท์

คอมเมนท์ทรัพยากรรายการนี้
  คอมเมนท์: ทบทวนการผดุงครรภ์..


 Copyright 2026. Bcnsprnw @Library